000 00865cad a22002055a 4500
001 L153055
008 110531s20110531xxk f 000 0 eng d
035 _a(Sirsi) u153055
041 0 _aeng
110 2 _aNationwide Building Society
_91019
245 0 0 _aNationwide house price index
_bMay 2011
_h[electronic resource]
260 _c2011
490 0 _aNationwide House Price Index
_vMay 2011
520 _aUnited Kingdom house prices increased by 0.3% in April 2011. Modest house price growth suggests that economic outlook still cloudy but yhr outlook for the housing market is a little brigher.
590 _aKA
651 4 _aUnited Kingdom
_y
690 _aPROPERTY-RESIDENTIAL PROPERTY-RESIDENTIAL PROPERTY MARKET
856 4 0 _uhttps://www.nationwide.co.uk/hpi/historical/May_2011.pdf
_zView this item free of charge at www.nationwide.co.uk
942 _n0
999 _c112351
_d112351